Potreba a možnosti aplikácií nových prístupov v manažmente rizika v podmienkach malých a stredných podnikov

Riziká a príležitosti pre MSP po vstupe do EÚ. Nové prístupy v manažmente rizika: výzva pre slovenské podniky. Podnikový manažment rizika (ERM) a jeho ciele. Štruktúra ERM: identifikácia a analýza faktorov rizika, meranie rizika, rozhodnutie na základe výsledkov merania rizika a osobných preferencií...

Full description

Saved in:
Bibliographic Details
Main Author: Varcholová, Tatiana
Format: Book Chapter
Language:Slovak
Subjects:
Tags: Add Tag
No Tags, Be the first to tag this record!

MARC

LEADER 00000naa$a2200000$$$4500
001 0048494
005 20240502071546.3
041 0 |a slo 
044 |a SK 
245 1 0 |a Potreba a možnosti aplikácií nových prístupov v manažmente rizika v podmienkach malých a stredných podnikov  |c Tatiana Varcholová 
520 |a Riziká a príležitosti pre MSP po vstupe do EÚ. Nové prístupy v manažmente rizika: výzva pre slovenské podniky. Podnikový manažment rizika (ERM) a jeho ciele. Štruktúra ERM: identifikácia a analýza faktorov rizika, meranie rizika, rozhodnutie na základe výsledkov merania rizika a osobných preferencií. Požiadavky na koordinátora ERM. 
610 2 0 |a podnik malý 
610 2 0 |a podnik stredný 
610 2 0 |a Európska únia 
610 2 0 |a riadenie rizík 
610 2 0 |a meranie 
610 2 0 |a rozhodovanie manažérske 
100 1 |a Varcholová, Tatiana